000
00201nam a22000857a 4500
001
1239558
005
20251008094433.0
245
_a
İYİLİK TİMİ
_c
METİN ÖZDAMARLAR
260
_b
GENÇ TİMAŞ YAYINLARI
999
_c
1239558
_d
1239558